000 00522nam a2200193 a 4500
005 20140311163025.0
008 080228s19uu xx 00 eng d
020 _a1841122149
050 _aHF 5548.32
_b.C8623 2002
100 _aCunningham, Michael J.
245 _aE-Strategy. /
260 _aUnited Kingdom :
_bCapstone Publishing,
_c2002.
300 _a118 p. :
_bill. ;
_c15 cm.
521 _aBSBA
650 _aElectronic commerce.
650 _aStrategic planning.
942 _cBK
_2lcc
_kFOR
999 _c39536
_d39536